00313nam a2200121Ia 4500008004100000040001800041041001200059082001800071100001600089245006600105260000900171300001100180230917s9999||||xx |||||||||||||| ||und|| e5008781aMAIN aEnglish a345.5406 Y11L aYadav, Atma 0aLaw relating to burden of proof in India: Problems and issues c2021 a201 p.